[Event "FICGS class C 000309 email"]
[Site "FICGS email"]
[Date "2023.02.07"]
[Round "1"]
[White "Brodie, Peter"]
[Black "Roubik, Vit"]
[Result "0-1"]
[WhiteElo "1632"]
[BlackElo "1938"]
[PlyCount "78"]
[EventDate "2023.??.??"]
[EventType "tourn (corr)"]
[EventRounds "4"]
[SourceTitle "Corr 2024"]
[Source "ChessBase"]
[SourceDate "2023.10.19"]
[SourceVersion "1"]
[SourceVersionDate "2023.10.19"]
[SourceQuality "1"]

1. e4 c5 2. Nf3 Nc6 3. Nc3 g6 4. d3 Bg7 5. Be2 d6 6. 0-0 Nf6 7. h3 0-0 8. Be3 b5 9. Nxb5 Rb8 10. c4 a6 11. Nc3 Rxb2 12. Rb1 Rxb1 13. Qxb1 Ng4 14. hxg4 Bxc3 15. Bh6 Re8 16. Rc1 Bh8 17. Nd2 Qa5 18. Nb3 Qa3 19. Bd2 Be6 20. Bc3 Bxc3 21. Rxc3 Nb4 22. Qc1 Qa4 23. Qb2 Qxa2 24. Qxa2 Nxa2 25. Rc2 Nb4 26. Rb2 Rb8 27. Na5 Nc6 28. Rxb8+ Nxb8 29. Nb3 Nc6 30. Nc1 Bd7 31. Bd1 a5 32. Ba4 Ne5 33. Bb5 Bxb5 34. cxb5 Nxg4 35. b6 Ne5 36. b7 Nc6 37. Nb3 a4 38. Na5 Nb8 39. Nc6 Nxc6 0-1

[Event "FICGS rapid B 000386 email"]
[Site "FICGS email"]
[Date "2023.02.03"]
[Round "1"]
[White "Cesbron, Guy"]
[Black "Roubik, Vit"]
[Result "1/2-1/2"]
[WhiteElo "2021"]
[BlackElo "1938"]
[PlyCount "82"]
[EventDate "2023.??.??"]
[EventType "tourn (rapid)"]
[EventRounds "6"]
[SourceTitle "Corr 2024"]
[Source "ChessBase"]
[SourceDate "2023.10.19"]
[SourceVersion "1"]
[SourceVersionDate "2023.10.19"]
[SourceQuality "1"]

1. e4 c5 2. Nf3 Nc6 3. d4 cxd4 4. Nxd4 g6 5. Nc3 Bg7 6. Be3 Nf6 7. Bc4 Qa5 8. 0-0 d6 9. h3 Bd7 10. f4 Qc5 11. Be2 Ng4 12. Bxg4 Bxg4 13. hxg4 Bxd4 14. Bxd4 Qxd4+ 15. Qxd4 Nxd4 16. Nd5 Rc8 17. c3 Ne6 18. Kf2 Nc5 19. Kf3 e6 20. Ne3 Nd3 21. Rab1 g5 22. g3 h5 23. Rfd1 gxf4 24. Rxd3 fxe3 25. gxh5 Rxh5 26. Rxd6 Ke7 27. Rd3 Rh2 28. Kxe3 Rg2 29. Kf3 Rc2 30. Rdd1 Rh8 31. Rdc1 Rch2 32. Rd1 Rc2 33. Rdc1 Rxc1 34. Rxc1 Rh2 35. Rb1 f6 36. a4 Kd6 37. Kf4 Rf2+ 38. Ke3 Rg2 39. Kf4 Rf2+ 40. Ke3 Rg2 41. Kf4 Rf2+ 1/2-1/2

[Event "FICGS rapid B 000386 email"]
[Site "FICGS email"]
[Date "2023.02.03"]
[Round "1"]
[White "Vollmer, Steve"]
[Black "Roubik, Vit"]
[Result "0-1"]
[WhiteElo "1750"]
[BlackElo "1938"]
[PlyCount "54"]
[EventDate "2023.??.??"]
[EventType "tourn (rapid)"]
[EventRounds "6"]
[SourceTitle "Corr 2024"]
[Source "ChessBase"]
[SourceDate "2023.10.19"]
[SourceVersion "1"]
[SourceVersionDate "2023.10.19"]
[SourceQuality "1"]

1. d4 Nf6 2. c4 g6 3. Nc3 d5 4. cxd5 Nxd5 5. e4 Nxc3 6. bxc3 Bg7 7. Nf3 c5 8. Be3 Qa5 9. Qd2 Nc6 10. h3 0-0 11. Be2 cxd4 12. cxd4 Qxd2+ 13. Kxd2 Rd8 14. Kc3 Be6 15. Rhd1 Rd6 16. e5 Rd7 17. Bb5 a6 18. Bxc6 Rc8 19. Kd2 Rxc6 20. Ke1 f6 21. Rd2 Bd5 22. Bf4 b5 23. Kf1 Bxf3 24. gxf3 fxe5 25. Be3 exd4 26. Rad1 e5 27. f4 Rf7 0-1

[Event "OP-2023-0-05369"]
[Site "LSS email"]
[Date "2023.01.19"]
[Round "?"]
[White "Roubik, Vit"]
[Black "Shook, Douglas"]
[Result "1-0"]
[WhiteElo "1633"]
[BlackElo "1290"]
[PlyCount "39"]
[EventDate "2023.01.05"]
[EventType "tourn (corr)"]
[EventRounds "4"]
[EventCountry "GER"]
[SourceTitle "Corr 2024"]
[Source "ChessBase"]
[SourceDate "2023.10.19"]
[SourceVersion "1"]
[SourceVersionDate "2023.10.19"]
[SourceQuality "1"]

1. d4 d5 2. c4 Nf6 3. g3 c6 4. Bg2 Bf5 5. Nf3 Nbd7 6. 0-0 Nb6 7. cxd5 cxd5 8. Nc3 Nfd7 9. Nh4 Be6 10. e4 Nb8 11. Re1 Nc6 12. exd5 Nxd5 13. Rxe6 fxe6 14. Nxd5 exd5 15. Qh5+ g6 16. Nxg6 Rg8 17. Nxf8+ Kxf8 18. Bh6+ Rg7 19. Bxd5 Nxd4 20. Qf7# 1-0

[Event "FICGS rapid A 000291 email"]
[Site "FICGS email"]
[Date "2023.01.09"]
[Round "1"]
[White "Cesbron, Guy"]
[Black "Roubik, Vit"]
[Result "1/2-1/2"]
[WhiteElo "2021"]
[BlackElo "1938"]
[PlyCount "129"]
[EventDate "2023.??.??"]
[EventType "tourn (rapid)"]
[EventRounds "6"]
[SourceTitle "Corr 2024"]
[Source "ChessBase"]
[SourceDate "2023.10.19"]
[SourceVersion "1"]
[SourceVersionDate "2023.10.19"]
[SourceQuality "1"]

1. d4 f5 2. c4 Nf6 3. Nc3 e6 4. g3 Be7 5. Bg2 0-0 6. Nf3 Nc6 7. d5 Na5 8. b3 b6 9. 0-0 Bb4 10. Nb5 c6 11. dxc6 dxc6 12. Qxd8 Rxd8 13. Nc7 Rb8 14. Bf4 Be7 15. Nd5 Bd6 16. Nxf6+ gxf6 17. Rad1 e5 18. Bd2 Kf7 19. Nh4 Be6 20. e3 Ba3 21. Bh3 Nb7 22. Bxf5 Bxf5 23. Nxf5 Nc5 24. f3 a5 25. e4 a4 26. bxa4 Nxa4 27. Be3 Bc5 28. Bxc5 Nxc5 29. Rxd8 Rxd8 30. Rf2 Rd1+ 31. Kg2 h5 32. Kh3 Nd3 33. Re2 Kg6 34. Ne7+ Kf7 35. Nxc6 Rc1 36. Na7 Rxc4 37. Nb5 Kg6 38. Nd6 Rc7 39. Nf5 b5 40. Kh4 b4 41. g4 hxg4 42. Rd2 Nf4 43. Kxg4 Rc1 44. Nh4+ Kf7 45. Kf5 Ke7 46. Ng6+ Nxg6 47. Kxg6 Rg1+ 48. Kh5 Rf1 49. Kg4 Rg1+ 50. Kh3 f5 51. Rb2 Ra1 52. Kg3 Kf6 53. Rxb4 fxe4 54. fxe4 Rxa2 55. h4 Re2 56. Kg4 Rg2+ 57. Kf3 Rh2 58. Rb6+ Kg7 59. Kg4 Rg2+ 60. Kf5 Rf2+ 61. Kxe5 Rh2 62. Rb7+ Kg6 63. Ke6 Rxh4 64. e5 Re4 65. Rb1 1/2-1/2

[Event "FICGS rapid D 000147 email"]
[Site "FICGS email"]
[Date "2022.12.29"]
[Round "1"]
[White "Roubik, Vit"]
[Black "Lundberg, Viktor"]
[Result "1-0"]
[WhiteElo "1763"]
[BlackElo "1510"]
[PlyCount "91"]
[EventDate "2022.??.??"]
[EventType "tourn (rapid)"]
[EventRounds "5"]
[SourceTitle "Corr 2024"]
[Source "ChessBase"]
[SourceDate "2023.10.19"]
[SourceVersion "1"]
[SourceVersionDate "2023.10.19"]
[SourceQuality "1"]

1. d4 Nf6 2. c4 e6 3. g3 Bb4+ 4. Bd2 Be7 5. Bg2 d5 6. Nf3 0-0 7. 0-0 a5 8. Qc2 c6 9. Bf4 Nbd7 10. Rd1 a4 11. Ne5 Nxe5 12. dxe5 Nd7 13. cxd5 exd5 14. e4 Nb6 15. exd5 Nxd5 16. Nc3 Be6 17. Nxa4 Qa5 18. Bxd5 Bxd5 19. Nc3 Be6 20. Ne4 h6 21. h4 Rfd8 22. Nd6 g5 23. hxg5 hxg5 24. Bd2 Qa4 25. Qxa4 Rxa4 26. Nxb7 Rd3 27. Bc3 Rxa2 28. Rab1 Rxd1+ 29. Rxd1 g4 30. Nd6 Kf8 31. Kf1 Bd5 32. Ke1 Bg5 33. Rb1 Ke7 34. Ke2 Ke6 35. Kd3 f5 36. Re1 Bd8 37. Ne8 Be4+ 38. Kd2 Ba5 39. Ng7+ Ke7 40. Bxa5 Rxa5 41. b4 Ra2+ 42. Ke3 Kf7 43. Nh5 Ke6 44. Nf6 Kxe5 45. Nxe4 fxe4 46. Rc1 1-0

[Event "FICGS class D 000291 email"]
[Site "FICGS email"]
[Date "2022.12.26"]
[Round "1"]
[White "Roubik, Vit"]
[Black "Pintor, Manuel"]
[Result "1-0"]
[WhiteElo "1763"]
[BlackElo "1652"]
[PlyCount "45"]
[EventDate "2022.??.??"]
[EventType "tourn (corr)"]
[EventRounds "6"]
[SourceTitle "Corr 2024"]
[Source "ChessBase"]
[SourceDate "2023.10.19"]
[SourceVersion "1"]
[SourceVersionDate "2023.10.19"]
[SourceQuality "1"]

1. d4 d5 2. c4 c6 3. Nf3 Bf5 4. cxd5 Bxb1 5. Rxb1 Qxd5 6. a3 Nf6 7. g3 Ng4 8. Bg2 Qf5 9. Bf4 Nd7 10. 0-0 e6 11. b4 Qh5 12. h3 Ngf6 13. g4 Qb5 14. Qc2 Nd5 15. Bg3 f6 16. e4 N5b6 17. Rfc1 Be7 18. Qa2 e5 19. dxe5 fxe5 20. Bf1 Qa4 21. Nxe5 Rf8 22. Nd3 0-0-0 23. Nb2 1-0

[Event "FICGS rapid C 000292 email"]
[Site "FICGS email"]
[Date "2022.11.16"]
[Round "1"]
[White "Leurette, Marc Antoine"]
[Black "Roubik, Vit"]
[Result "0-1"]
[WhiteElo "1726"]
[BlackElo "1763"]
[PlyCount "62"]
[EventDate "2022.??.??"]
[EventType "tourn (rapid)"]
[EventRounds "4"]
[SourceTitle "Corr 2024"]
[Source "ChessBase"]
[SourceDate "2023.10.19"]
[SourceVersion "1"]
[SourceVersionDate "2023.10.19"]
[SourceQuality "1"]

1. e4 c5 2. Nc3 d6 3. Nf3 Nc6 4. Bc4 g6 5. d3 Bg7 6. Be3 Nf6 7. Qd2 0-0 8. 0-0-0 Bg4 9. h3 Bxf3 10. gxf3 e6 11. h4 d5 12. exd5 exd5 13. Bxc5 dxc4 14. dxc4 Qxd2+ 15. Rxd2 Rfc8 16. Be3 Ne5 17. f4 Nxc4 18. Rd3 Nxe3 19. fxe3 h5 20. Rhd1 Ng4 21. Rd7 Nxe3 22. R1d3 Bh6 23. Rxb7 Re8 24. b3 Bxf4 25. Kb2 Nf5 26. Rdd7 Be5 27. Rxa7 Rxa7 28. Rxa7 Rc8 29. a4 Bxc3+ 30. Kb1 Re8 31. Rc7 Re1+ 0-1

[Event "FICGS rapid C 000292 email"]
[Site "FICGS email"]
[Date "2022.11.16"]
[Round "1"]
[White "Roubik, Vit"]
[Black "Pintor, Manuel"]
[Result "1-0"]
[WhiteElo "1763"]
[BlackElo "1652"]
[PlyCount "31"]
[EventDate "2022.??.??"]
[EventType "tourn (rapid)"]
[EventRounds "4"]
[SourceTitle "Corr 2024"]
[Source "ChessBase"]
[SourceDate "2023.10.19"]
[SourceVersion "1"]
[SourceVersionDate "2023.10.19"]
[SourceQuality "1"]

1. e4 e5 2. Nf3 Nc6 3. Bb5 Qf6 4. Nc3 Qg6 5. 0-0 Bc5 6. Nd5 Bb6 7. d4 Nxd4 8. Nxe5 Qd6 9. Nc4 Qc5 10. Ncxb6 axb6 11. b4 Qd6 12. Qxd4 c6 13. Qxg7 cxd5 14. exd5 Qf6 15. Re1+ Kd8 16. Bg5 1-0

[Event "FICGS W-ch st1 g03 email"]
[Site "FICGS email"]
[Date "2022.11.02"]
[Round "1"]
[White "Roubik, Vit"]
[Black "Bovary, Charles"]
[Result "0-1"]
[WhiteElo "1763"]
[BlackElo "2071"]
[PlyCount "56"]
[EventDate "2022.??.??"]
[EventType "tourn (corr)"]
[EventRounds "6"]
[SourceTitle "Corr 2024"]
[Source "ChessBase"]
[SourceDate "2023.10.19"]
[SourceVersion "1"]
[SourceVersionDate "2023.10.19"]
[SourceQuality "1"]

1. e4 e5 2. Nf3 Nc6 3. Bc4 Nf6 4. d3 Bc5 5. c3 d6 6. 0-0 Bg4 7. h3 Bh5 8. Nbd2 a6 9. a4 Ba7 10. b4 Qd7 11. Re1 g5 12. d4 g4 13. hxg4 Qxg4 14. b5 Rg8 15. Bf1 Nd8 16. Qb3 Ne6 17. bxa6 Nf4 18. axb7 Nh3+ 19. Kh2 Rd8 20. Re2 Rg6 21. Qb5+ Kf8 22. Qa6 Nf4 23. Qxa7 Nxg2 24. b8Q Rxb8 25. Qxb8+ Ne8 26. Kh1 Qh3+ 27. Nh2 Bxe2 28. Qb2 Nf6 0-1

[Event "OP-2022-0-05348"]
[Site "LSS email"]
[Date "2022.10.31"]
[Round "?"]
[White "Roubik, Vit"]
[Black "Cerne, Peter"]
[Result "0-1"]
[WhiteElo "800"]
[BlackElo "1725"]
[PlyCount "32"]
[EventDate "2022.10.28"]
[EventType "tourn (corr)"]
[EventRounds "4"]
[EventCountry "GER"]
[SourceTitle "Corr 2024"]
[Source "ChessBase"]
[SourceDate "2023.10.19"]
[SourceVersion "1"]
[SourceVersionDate "2023.10.19"]
[SourceQuality "1"]

1. e4 e5 2. Nf3 Nc6 3. Bc4 Bc5 4. c3 Nf6 5. d3 d6 6. 0-0 a6 7. Re1 Ba7 8. a4 0-0 9. h3 h6 10. Nbd2 Be6 11. Bxe6 fxe6 12. b4 Qd7 13. Nf1 Nh5 14. Ra2 Qf7 15. Nh4 Bxf2+ 16. Rxf2 Qxf2+ 0-1

[Event "FICGS class C 000307 email"]
[Site "FICGS email"]
[Date "2022.10.31"]
[Round "1"]
[White "Roubik, Vit"]
[Black "Hepp, Henrique"]
[Result "1/2-1/2"]
[WhiteElo "1700"]
[BlackElo "1900"]
[PlyCount "103"]
[EventDate "2022.??.??"]
[EventType "tourn (corr)"]
[EventRounds "4"]
[SourceTitle "Corr 2024"]
[Source "ChessBase"]
[SourceDate "2023.10.19"]
[SourceVersion "1"]
[SourceVersionDate "2023.10.19"]
[SourceQuality "1"]

1. e4 c5 2. Nf3 e6 3. c4 Nc6 4. Be2 Nf6 5. Nc3 Qb6 6. 0-0 d6 7. a3 Be7 8. d3 0-0 9. Rb1 a6 10. h3 Nd7 11. Be3 Nde5 12. b4 Qc7 13. Qd2 b6 14. Nh2 Nd4 15. f4 Nec6 16. Bd1 Bb7 17. Ne2 b5 18. Nxd4 Nxd4 19. Rc1 Nc6 20. Ng4 Kh8 21. Bf3 Qd7 22. f5 exf5 23. exf5 f6 24. Bd5 Nd8 25. Bxb7 Nxb7 26. Bf2 d5 27. cxb5 Qxb5 28. a4 Qxa4 29. bxc5 d4 30. c6 Nc5 31. Rc4 Qxc6 32. Qc2 Qb5 33. Rb1 Qa5 34. Bxd4 Nd7 35. Rc7 Rfd8 36. Qc6 Rab8 37. Rf1 h5 38. Nh6 gxh6 39. Rxd7 Rxd7 40. Qxd7 Qd8 41. Qa4 a5 42. Be3 Bf8 43. Qh4 Qxd3 44. Qxf6+ Bg7 45. Qe6 Rb1 46. Rxb1 Qxb1+ 47. Kf2 h4 48. Qe8+ Kh7 49. Qg6+ Kh8 50. Qe8+ Kh7 51. Qg6+ Kh8 52. Qe8+ 1/2-1/2

[Event "FICGS rapid B 000385 email"]
[Site "FICGS email"]
[Date "2022.10.01"]
[Round "1"]
[White "Pech, Stepan"]
[Black "Roubik, Vit"]
[Result "1-0"]
[WhiteElo "1922"]
[BlackElo "1700"]
[PlyCount "61"]
[EventDate "2022.??.??"]
[EventType "tourn (rapid)"]
[EventRounds "6"]
[SourceTitle "Corr 2024"]
[Source "ChessBase"]
[SourceDate "2023.10.19"]
[SourceVersion "1"]
[SourceVersionDate "2023.10.19"]
[SourceQuality "1"]

1. e4 e5 2. Nf3 Qf6 3. Nc3 Nc6 4. d4 Bb4 5. Bd2 exd4 6. Nd5 Qd6 7. c3 dxc3 8. bxc3 Ba5 9. Bf4 Qc5 10. Bd3 Nge7 11. 0-0 d6 12. Rb1 a6 13. Be3 Qa3 14. Bc2 Nxd5 15. exd5 Ne5 16. Rb3 Nxf3+ 17. Qxf3 Qa4 18. Bd4 0-0 19. Re1 Qd7 20. Bxh7+ Kxh7 21. Qh5+ Kg8 22. Bxg7 Kxg7 23. Qg5+ Kh8 24. Re4 f6 25. Rh4+ Qh7 26. Rxh7+ Kxh7 27. Qh5+ Kg7 28. c4 Bd2 29. Rg3+ Bg5 30. f4 Rh8 31. Qe2 1-0

[Event "FICGS rapid B 000385 email"]
[Site "FICGS email"]
[Date "2022.10.01"]
[Round "1"]
[White "Roubik, Vit"]
[Black "Bennion, William"]
[Result "1-0"]
[WhiteElo "1700"]
[BlackElo "1800"]
[PlyCount "75"]
[EventDate "2022.??.??"]
[EventType "tourn (rapid)"]
[EventRounds "6"]
[SourceTitle "Corr 2024"]
[Source "ChessBase"]
[SourceDate "2023.10.19"]
[SourceVersion "1"]
[SourceVersionDate "2023.10.19"]
[SourceQuality "1"]

1. e4 c5 2. c3 g6 3. d4 cxd4 4. cxd4 d5 5. e5 Nh6 6. Nc3 Bg7 7. Bf4 Nc6 8. Qd2 Nf5 9. Nf3 h5 10. Bb5 f6 11. h4 0-0 12. 0-0 fxe5 13. dxe5 e6 14. Bxc6 bxc6 15. Bg5 Qa5 16. a3 Ba6 17. b4 Qc7 18. Rfe1 c5 19. Rac1 c4 20. b5 Bb7 21. Ne2 Rac8 22. Ned4 c3 23. Qc2 Qf7 24. Re3 Nxe3 25. Bxe3 Rc4 26. a4 Bc8 27. Qd3 Rxa4 28. Rxc3 Rd8 29. Rc6 Bd7 30. Rd6 Qe8 31. Bg5 Rxd4 32. Qxd4 Ra8 33. Qe3 Bxb5 34. Bh6 Bxh6 35. Qxh6 Qf7 36. Qe3 Qe8 37. Nd4 Bd7 38. Nb3 1-0

[Event "FICGS rapid B 000385 email"]
[Site "FICGS email"]
[Date "2022.10.01"]
[Round "1"]
[White "Vollmer, Steve"]
[Black "Roubik, Vit"]
[Result "0-1"]
[WhiteElo "1790"]
[BlackElo "1700"]
[PlyCount "46"]
[EventDate "2022.??.??"]
[EventType "tourn (rapid)"]
[EventRounds "6"]
[SourceTitle "Corr 2024"]
[Source "ChessBase"]
[SourceDate "2023.10.19"]
[SourceVersion "1"]
[SourceVersionDate "2023.10.19"]
[SourceQuality "1"]

1. e4 e5 2. Nf3 Nc6 3. Bb5 f5 4. d4 fxe4 5. Nxe5 Nxe5 6. dxe5 c6 7. Be2 Qa5+ 8. Nc3 Qxe5 9. 0-0 d5 10. Re1 Nf6 11. Be3 Bd6 12. g3 0-0 13. Bf4 Qe7 14. Bxd6 Qxd6 15. Qd2 Bh3 16. Rad1 Rae8 17. Qe3 a6 18. Na4 Ng4 19. Bxg4 Bxg4 20. Rd2 Bf3 21. Nc5 b6 22. Nb3 c5 23. c3 Qe6 0-1